Tự học lập trình Visual Basic.NET trong 21 ngày

Nội dung giới thiệu công nghệ .NET và Visual Basic .NET, sử dụng Visual Basic .NET, Lập trình Visual Basic .NET. Cấu trúc của ứng dụng trong .NET, lập trình với các đối tượng...

Wedi'i Gadw mewn:
Manylion Llyfryddiaeth
Prif Awdur: Hồ, Hoàng Triết
Fformat: Llyfr
Iaith:Undetermined
Cyhoeddwyd: Hà Nội Thống kê 2002
Pynciau:
Tagiau: Ychwanegu Tag
Dim Tagiau, Byddwch y cyntaf i dagio'r cofnod hwn!
Thư viện lưu trữ: Trung tâm Học liệu Trường Đại học Cần Thơ
LEADER 00926nam a2200217Ia 4500
001 CTU_232105
008 210402s9999 xx 000 0 und d
020 |b 50000 
082 |a 005.15 
082 |b Tr308 
100 |a Hồ, Hoàng Triết 
245 0 |a Tự học lập trình Visual Basic.NET trong 21 ngày 
245 0 |c Hồ Hoàng Triết 
260 |a Hà Nội 
260 |b Thống kê 
260 |c 2002 
520 |a Nội dung giới thiệu công nghệ .NET và Visual Basic .NET, sử dụng Visual Basic .NET, Lập trình Visual Basic .NET. Cấu trúc của ứng dụng trong .NET, lập trình với các đối tượng... 
650 |a Basic (chương trình ngôn ngữ máy tính),Basic (Computer Program Language) 
904 |i Năm (Nguyên sửa) 
910 |b dqhieu 
980 |a Trung tâm Học liệu Trường Đại học Cần Thơ